00352cam a22001097a 4500008004000000082001600040100001900056245009700075260003800172300001000210650002200220180718b1984 xxu||||| |||| 00| 0 eng d aO91x54 V223 aVakil, Arun C. aEconomic aspects of environmental pollution in India: an exploratory studycby Arun C. Vakil aBombaybMouj Printin Bureauc1984 a323p. aPollution - India